Normal view
MARC view
- Mian, Tariq Aziz (320150)
Entry Personal Name
001 - CONTROL NUMBER
- control field: 118329
003 - CONTROL NUMBER IDENTIFIER
- control field: NUST
005 - DATE AND TIME OF LATEST TRANSACTION
- control field: 20231004112930.0
008 - FIXED-LENGTH DATA ELEMENTS
- fixed length control field: 231004|| aca||aabn | a|a d
040 ## - CATALOGING SOURCE
- Original cataloging agency: NUST
- Transcribing agency: NUST
100 ## - HEADING--PERSONAL NAME
- Personal name: Mian, Tariq Aziz (320150)
670 ## - SOURCE DATA FOUND
- Source citation: Work cat.: (NUST): Mian, Tariq Aziz (320150), EV modeling and component sizing using NEDC and WLTP Drive cycles /
